Three faces of arts / (Record no. 128822)
[ view plain ]
| 000 -LEADER | |
|---|---|
| fixed length control field | 00597nam a22002177a 4500 |
| 005 - DATE AND TIME OF LATEST TRANSACTION | |
| control field | 20170124110046.0 |
| 010 ## - LIBRARY OF CONGRESS CONTROL NUMBER | |
| LC control number | 953282 |
| 020 ## - INTERNATIONAL STANDARD BOOK NUMBER | |
| Terms of availability | 00.00 |
| 035 ## - SYSTEM CONTROL NUMBER | |
| System control number | 953282 |
| 037 ## - SOURCE OF ACQUISITION | |
| Source of stock number/acquisition | Cen Lib/Ret |
| 040 ## - CATALOGING SOURCE | |
| Original cataloging agency | DPL |
| Language of cataloging | EN |
| 082 ## - DEWEY DECIMAL CLASSIFICATION NUMBER | |
| Classification number | 700 |
| Item number | GOP |
| 100 ## - MAIN ENTRY--PERSONAL NAME | |
| Personal name | Gopinath, S. |
| 9 (RLIN) | 24527 |
| 245 ## - TITLE STATEMENT | |
| Title | Three faces of arts / |
| Statement of responsibility, etc | by Alexander Cirici [and] S. Gopinath |
| 260 ## - PUBLICATION, DISTRIBUTION, ETC. (IMPRINT) | |
| Place of publication, distribution, etc | Singapore |
| Name of publisher, distributor, etc | Faderal publications |
| Date of publication, distribution, etc | 1977 |
| 270 ## - ADDRESS | |
| City | Singapore |
| 300 ## - PHYSICAL DESCRIPTION | |
| Extent | x,117p. |
| Dimensions | 17cm(Hb) |
| 650 ## - SUBJECT ADDED ENTRY--TOPICAL TERM | |
| Topical term or geographic name as entry element | Arts |
| 9 (RLIN) | 101135 |
| 650 ## - SUBJECT ADDED ENTRY--TOPICAL TERM | |
| Topical term or geographic name as entry element | Socialist countries arts |
| 9 (RLIN) | 24529 |
| 942 ## - ADDED ENTRY ELEMENTS (KOHA) | |
| Source of classification or shelving scheme | Dewey Decimal Classification |
| Koha item type | English Books |
| Classification part | 700 |
| Call number suffix | GOP |
| Withdrawn status | Lost status | Damaged status | Not for loan | Home library | Current library | Date acquired | Source of acquisition | Cost, normal purchase price | Total Checkouts | Full call number | Barcode | Date last seen | Copy number | Cost, replacement price | Price effective from | Koha item type | Public note |
|---|---|---|---|---|---|---|---|---|---|---|---|---|---|---|---|---|---|
| Written off | Central Library | Central Library | 03/07/2015 | Cen Lib/Ret | 0.00 | 700 GOP | 953282 | 03/07/2015 | 1 | 0.00 | 03/07/2015 | English Books | Written off on approval by DLB (By Circulation); dtd 15-06-2023 |
